Educadores y niños: manejo de problemas conductuales en niños de edad preescolar

Gorde:
Xehetasun bibliografikoak
Egile nagusia: Arón, Ana María (Egilea)
Formatua: Liburua
Hizkuntza:gaztelania
Argitaratua: Santiago Andrés Bello 1980
Gaiak:
Etiketak: Etiketa erantsi
Etiketarik gabe, Izan zaitez lehena erregistro honi etiketa jartzen!

MARC

LEADER 00000nam a2200000 a 4500
001 UCY8090
003 CL-VaPUC
008 950623e19801100CL |||||||||||||||||spa|d
082 0 4 |a 370.15  |b ARO  |2 21 
100 |a Arón, Ana María  |e author  |9 313039 
245 1 0 |a Educadores y niños: manejo de problemas conductuales en niños de edad preescolar 
300 |a 152 p 
942 |c BK 
945 |d 19950623 00:00:00  |a cmena 
260 |a Santiago  |b Andrés Bello  |c 1980 
650 0 |a Psicología educacional   |9 307830 
650 0 |a Trastornos del comportamiento  |9 311363 
650 0 |a Psicología del niño  |9 307305 
650 0 |a Niños de edad preescolar  |9 335607 
650 0 |a Educación preescolar  |9 260381 
650 0 |a Procesos de aprendizaje  |9 309161 
650 7 |a EDUCADOR DE PARVULOS  |2 CL-VaPUC  |9 339207 
583 |a last modification  |c 19950623 00:00:00  |k Rodrigo Vera 
999 |c 235370  |d 235368 
952 |0 0  |1 0  |4 0  |6 370_150000000000000_ARO_1980  |7 0  |8 A  |9 242746  |a BIBEDU  |b BIBEDU  |d 2019-11-18  |i 1522620  |o 370.15 ARO 1980  |p 1522620  |r 2019-11-18  |w 2019-11-18  |y BK  |k EDU 
952 |0 0  |1 0  |4 0  |6 370_150000000000000_ARO_1980  |7 0  |8 A  |9 242747  |a BIBEDU  |b BIBEDU  |d 2019-11-18  |i 1522639  |o 370.15 ARO 1980  |p 1522639  |r 2019-11-18  |w 2019-11-18  |y BK  |k EDU